000 00464nam a2200181Ia 4500
001 461
005 20260306140519.0
008 260306t2018||||xx |||||||||||||| ||spa||
041 _aESP
082 _a121
_bG84P
100 _aGuadarrama González, Pablo,
_eAUT
245 0 _aPara qué sirve la epistemología a un investigador y un profesor
260 _c2018
300 _a359 páginas :
_c24 cm.
650 _aGEN
654 _aCHU
942 _cLIB
_dJUS
_fJUS
_2ddc
_n
999 _c461
_d461